From farmer to planner and back Harvesting best practice: Traning for respnsive planning
Spremljeno u:
| Glavni autor: | |
|---|---|
| Format: | Knjiga |
| Jezik: | Undetermined |
| Izdano: |
Rome, Italy
FAO
2001
|
| Teme: | |
| Oznake: |
Dodaj oznaku
Bez oznaka, Budi prvi tko označuje ovaj zapis!
|
| Thư viện lưu trữ: | Trung tâm Học liệu Trường Đại học Cần Thơ |
|---|
| LEADER | 00600nam a2200181Ia 4500 | ||
|---|---|---|---|
| 001 | CTU_47875 | ||
| 008 | 210402s9999 xx 000 0 und d | ||
| 082 | |a 338.16 | ||
| 082 | |b F931 | ||
| 100 | |a From farmer to planner and back Harvesting best Practice: Traning for respnsive planning | ||
| 245 | 0 | |a From farmer to planner and back | |
| 245 | 0 | |b Harvesting best practice: Traning for respnsive planning | |
| 245 | 0 | |c M. Byram | |
| 260 | |a Rome, Italy | ||
| 260 | |b FAO | ||
| 260 | |c 2001 | ||
| 650 | |a agriculture and state,farm policy | ||
| 980 | |a Trung tâm Học liệu Trường Đại học Cần Thơ | ||